Bản ngã và cộng đồng trong và qua nền văn hoá - văn học Việt Nam /
Đã lưu trong:
| 主要作者: | |
|---|---|
| 格式: | Bài viết |
| 語言: | Vietnamese |
| 主題: | |
| 標簽: |
添加標簽
沒有標簽, 成為第一個標記此記錄!
|
| Thư viện lưu trữ: | Thư viện Trường Đại học Đà Lạt |
|---|
| LEADER | 00837nam a2200277 4500 | ||
|---|---|---|---|
| 001 | DLU090068675 | ||
| 005 | ##200904223 | ||
| 040 | # | # | |a DLU |b vie |
| 041 | # | # | |a vie |
| 044 | # | # | |a vn |
| 100 | # | # | |a Trần Quốc Vượng, |c GS. |
| 245 | # | # | |a Bản ngã và cộng đồng trong và qua nền văn hoá - văn học Việt Nam / |c Trần Quốc Vượng. |
| 653 | # | # | |a Bản ngã |
| 653 | # | # | |a Cộng đồng |
| 653 | # | # | |a Văn học Việt Nam |
| 653 | # | # | |a Văn hoá Việt Nam |
| 773 | # | # | |t Tạp chí văn học |g Số 6(264), 1993, tr. 29-32 |
| 920 | # | # | |a Phòng Tạp chí -- Trung tâm Thông tin - Thư viện Trường Đại học Đà Lạt |
| 994 | # | # | |a DLU |
| 900 | # | # | |a True |
| 911 | # | # | |a Nguyễn Thị Thu Phương |
| 925 | # | # | |a G |
| 926 | # | # | |a A |
| 927 | # | # | |a BB |
| 980 | # | # | |a Thư viện Trường Đại học Đà Lạt |